000 00802nam a2200253Ia 4500
003 OSt
005 20220923220801.0
006 a|||||r|||| 00| 0
007 ta
008 220922b |||||||| |||| 00| 0 hin d
024 _a190,406
037 _cTextual
040 _aARTS
_cARTS
_bhin
041 _2hin
_ahin
082 _aO152,2NTH,AK, L8
100 _aठाकरान, रायचन्द्र
245 0 _aअच्छा कौन
246 _aAchchhā kauna
260 _aदिल्ली
_b साहित्य प्रकाशन
_c1978
300 _a64पृ.
_ccm.
650 _aहिन्दी साहित्य
_9156264
942 _hO152,2NTH,AK, L8
_cTEXL
_2CC
999 _c343181
_d343181